Effectif FC Barcelone saison 2020-2021 - Statistiques

Statistiques générales
  • Ce quiz a été pris 607 fois
    562 depuis la dernière actualisation
  • Le résultat moyen est 18 sur 27
Statistiques - réponses
Joueur % Correct
10 Lionel Messi
99%
1 Marc André ter Stegen
98%
3 Gerard Piqué
95%
5 Sergio Busquets
93%
11 Ousmane Dembélé
92%
18 Jordi Alba
89%
7 Antoine Griezmann
88%
21 Frenkie de Jong
87%
16 Pedri
87%
4 Ronald Araujo
78%
23 Samuel Umtiti
73%
20 Sergi Roberto
73%
22 Ansu Fati
72%
2 Sergino Dest
72%
15 Clément Lenglet
71%
9 Martin Braithwaite
69%
14 Philippe Coutinho
67%
12 Riqui Puig
63%
13 Neto
57%
8 Miralem Pjanic
52%
28 Oscar Mingueza
52%
26 Inaki Pena
43%
17 Francisco Trincao
39%
24 Junior Firpo
32%
27 Ilaix Moriba
28%
6 Carles Alena
20%
19 Matheus Fernandes
11%
Aucun quiz correspondant
Distribution des résultats
% des personnes avec chaque résultat
Percentile par nombre de réponses
Votre historique - résultats
Vous n’avez pas pris ce quiz depuis la dernière actualisation